Central Library OPAC University of Rajshahi

Toward faculty renewal : (Record no. 52594)

MARC details
000 -LEADER
fixed length control field 00921nam a2200265 a 4500
001 - CONTROL NUMBER
control field 52594
003 - CONTROL NUMBER IDENTIFIER
rucl marc code BD-RjUL
005 - DATE AND TIME OF LATEST TRANSACTION
control field 20211209075831.0
008 - FIXED-LENGTH DATA ELEMENTS--GENERAL INFORMATION
fixed length control field 160922r19781975wau b 001 0 eng
020 ## - INTERNATIONAL STANDARD BOOK NUMBER
International Standard Book Number 0875892671
035 ## - SYSTEM CONTROL NUMBER
System control number (BD-RjUL)52714
040 ## - CATALOGING SOURCE
Original cataloging agency DLC
Transcribing agency DLC
Modifying agency DLC
-- BD-RjUL
Language of cataloging eng
041 ## - LANGUAGE CODE
Language code of text/sound track or separate title eng
082 00 - DEWEY DECIMAL CLASSIFICATION NUMBER
Edition number 23
Classification number 378.12
Author mark and year GAT 1978
100 1# - MAIN ENTRY--PERSONAL NAME
Personal name Gaff, Jerry G.
9 (RLIN) 157286
245 10 - TITLE STATEMENT
Title Toward faculty renewal :
Remainder of title advances in faculty, instructional, and organizational development /
Statement of responsibility, etc. Jerry G. Gaff.
260 ## - PUBLICATION, DISTRIBUTION, ETC. (IMPRINT)
Place of publication, distribution, etc. San Francisco ;
-- Washington :
Name of publisher, distributor, etc. Jossey-Bass Publishers,
Date of publication, distribution, etc. c1975 [printing 1978].
300 ## - PHYSICAL DESCRIPTION
Pagination xviii, 244 p. ;
Size 24 cm.
490 0# - SERIES STATEMENT
Series statement The Jossey-Bass series in higher education.
504 ## - BIBLIOGRAPHY, ETC. NOTE
Bibliography, etc Include bibliography and index.
650 #0 - SUBJECT ADDED ENTRY--TOPICAL TERM
Topical term or geographic name as entry element College teaching.
9 (RLIN) 157287
Topical term or geographic name as entry element College teaching.
9 (RLIN) 157288
830 ## - SERIES ADDED ENTRY--UNIFORM TITLE
Uniform title The Jossey-Bass series in higher education.
942 ## - ADDED ENTRY ELEMENTS (KOHA)
Source of classification or shelving scheme Dewey Decimal Classification
Koha item type Books
Holdings
Lost status Source of classification or shelving scheme Damaged status Not for loan Collection code Permanent Location Current Location Shelving location Date acquired Source of acquisition Total Checkouts Full call number Date last seen Copy number Koha item type
  Dewey Decimal Classification     Non-fiction Central Library, University of Rajshahi Central Library, University of Rajshahi   10/06/1985 Asin Foundation   378.12 GAT 1978 22/09/2016 C-2 Books